000 00792nam0a22002411 4500
001 RU\NLR\INFOCOMM_89\5000595359
005 20250613095116.0
035 _a(NLR Aleph) 009285439
090 _a9187266
_c9187266
100 _a20100922d1971 |||y0rusy50 ca
101 0 _ager
102 _aRU
105 _aa ||||000|y
200 1 _aElektrische Ausrüstung für die Zeilensetz- und Grießmaschine H-15
_fUdSSR. Leningrader staatliche Fabrik für polygraphische Maschinen
210 _aL.
_d1971
215 _a11 с., 5 л. схем.
_cсхем.
_d20 см
686 _aТп-35[М801.110.4-51-040.72]
_2rubbk
712 0 2 _aLeningrader Fabrik für polygraphische Maschinen
_4570
801 1 _aRU
_bNLR
_c20100922
801 0 _aRU
_bNLR
_gPSBO
852 _aNLR
_jТ71 Д-4/3
942 _cBOOK
980 _aNB